书目信息 |
| 题名: |
三毛传
|
|
| 作者: | 程碧 著 | |
| 分册: | ||
| 出版信息: | 哈尔滨 北方文艺出版社 2019.09 |
|
| 页数: | 290页 | |
| 开本: | 20cm | |
| 丛书名: | ||
| 单 册: | ||
| 中图分类: | K825.6=75 | |
| 科图分类: | ||
| 主题词: | 作家--zuo jia--传记--中国--现代 | |
| 电子资源: | ||
| ISBN: | 978-7-5317-4549-5 | |
| 000 | 01133nam0 2200253 450 | |
| 001 | 2040319663 | |
| 005 | 20201106111209.51 | |
| 010 | @a978-7-5317-4549-5@b精装@dCNY69.00 | |
| 100 | @a20191015d2019 em y0chiy50 ea | |
| 101 | 0 | @achi |
| 102 | @aCN@b230000 | |
| 105 | @ay z 000yb | |
| 200 | 1 | @a三毛传@Asan mao zhuan@e你松开手, 我便落入茫茫宇宙@f程碧著 |
| 210 | @a哈尔滨@c北方文艺出版社@d2019.09 | |
| 215 | @a290页@d20cm | |
| 314 | @a程碧, 畅销书作家。 | |
| 330 | @a本书采用“花瓣式”写作手法, 每一个花瓣都能独立存在, 所有花瓣又组成一朵花。采用小章节、主题性写作方式, 手法新颖, 可整可零, 无需从头开始, 随手翻开一页, 就可以无障碍阅读。程碧说: “我没有按照一般写传记的思路将她从出生到去世一路写下去。我更像在做一个化学实验, 我用来写作的工作室更像是一间化学实验室, 我在里面分析三毛这种物质是由何种成分组成的。” | |
| 517 | 1 | @a你松开手, 我便落入茫茫宇宙@Ani song kai shou , wo bian luo ru mang mang yu zhou |
| 600 | 0 | @a三毛,@Asan mao@f1943-1991@x传记 |
| 606 | 0 | @a作家@Azuo jia@x传记@y中国@z现代 |
| 690 | @aK825.6=75@v5 | |
| 701 | 0 | @a程碧@Acheng bi@4著 |
| 801 | 0 | @aCN@b人天书店@c20201025 |
| 905 | @aZUCC@dK825.6@eC733 | |
| 三毛传:你松开手, 我便落入茫茫宇宙/程碧著.-哈尔滨:北方文艺出版社,2019.09 |
| 290页;20cm |
| ISBN 978-7-5317-4549-5(精装):CNY69.00 |
| 本书采用“花瓣式”写作手法, 每一个花瓣都能独立存在, 所有花瓣又组成一朵花。采用小章节、主题性写作方式, 手法新颖, 可整可零, 无需从头开始, 随手翻开一页, 就可以无障碍阅读。程碧说: “我没有按照一般写传记的思路将她从出生到去世一路写下去。我更像在做一个化学实验, 我用来写作的工作室更像是一间化学实验室, 我在里面分析三毛这种物质是由何种成分组成的。” |
| ● |
| 相关链接 |
|
|
|
正题名:三毛传
索取号:K825.6/C733
 
预约/预借
| 序号 | 登录号 | 条形码 | 馆藏地/架位号 | 状态 | 备注 |
| 1 | 1481860 | 214818606 | 社科库309/309社科库 51排2列2层/ [索取号:K825.6/C733] | 在馆 | |
| 2 | 1481861 | 214818615 | 社科库309/309社科库 51排2列2层/ [索取号:K825.6/C733] | 在馆 |